Digital communications (Record no. 956)

000 -LEADER
fixed length control field 00508nam a2200205 a 4500
001 - CONTROL NUMBER
control field 956
003 - CONTROL NUMBER IDENTIFIER
control field BD-DhUET
008 - FIXED-LENGTH DATA ELEMENTS--GENERAL INFORMATION
fixed length control field 860516s1986 inua b 001 0 eng
020 ## - INTERNATIONAL STANDARD BOOK NUMBER
International Standard Book Number 0071181830
040 ## - CATALOGING SOURCE
Original cataloging agency DLC
Transcribing agency DLC
Modifying agency BD-DhUET
082 00 - DEWEY DECIMAL CLASSIFICATION NUMBER
Classification number 623.8
Item number PRO/2001
100 ## - MAIN ENTRY--PERSONAL NAME
Personal name Proakis, John G.
245 00 - TITLE STATEMENT
Title Digital communications
250 ## - EDITION STATEMENT
Edition statement 4th ed.
260 ## - PUBLICATION, DISTRIBUTION, ETC. (IMPRINT)
Place of publication, distribution, etc. Boston
Name of publisher, distributor, etc. McGraw-Hill
Date of publication, distribution, etc. 2001
300 ## - PHYSICAL DESCRIPTION
Extent xxi,1002p..
504 ## - BIBLIOGRAPHY, ETC. NOTE
Bibliography, etc Includes bibliographies

650 #0 - SUBJECT ADDED ENTRY--TOPICAL TERM
Topical term or geographic name as entry element Digital communications.
942 ## - ADDED ENTRY ELEMENTS (KOHA)
Koha item type General Book
Holdings
Piece designation (barcode) Koha date last borrowed Shelving location Copy number Koha date last seen Koha full call number Price effective from Koha item type Source of classification or shelving scheme Location (home branch) Sublocation or collection (holding branch) Withdrawn status Koha issues (times borrowed) Damaged status Not for loan Date acquired Koha normalized classification for sorting Lost status
103342 Circulation section12014-08-26623.8/PRO/20012014-08-26General Book Central Library, BUETCentral Library, BUET    2014-08-26623_000000000000000_8PRO2001 
103344 Circulation section22017-07-30623.8/PRO/20012014-08-26General Book Central Library, BUETCentral Library, BUET    2014-08-26623_000000000000000_8PRO2001 
103345 Circulation section32015-06-08623.8/PRO/20012014-08-26General Book Central Library, BUETCentral Library, BUET    2014-08-26623_000000000000000_8PRO2001 
1033462015-05-20Circulation section42015-08-18623.8/PRO/20012014-08-26General Book Central Library, BUETCentral Library, BUET 1  2014-08-26623_000000000000000_8PRO2001 
103347 Circulation section52014-08-26623.8/PRO/20012014-08-26General Book Central Library, BUETCentral Library, BUET    2014-08-26623_000000000000000_8PRO2001 
1033482018-08-06Circulation section62018-08-29623.8/PRO/20012014-08-26General Book Central Library, BUETCentral Library, BUET 2  2014-08-26623_000000000000000_8PRO2001 
1033492018-08-29Circulation section72018-09-11623.8/PRO/20012014-08-26General Book Central Library, BUETCentral Library, BUET 1  2014-08-26623_000000000000000_8PRO2001 
103350 Circulation section82015-08-16623.8/PRO/20012014-08-26General Book Central Library, BUETCentral Library, BUET    2014-08-26623_000000000000000_8PRO2001 
107674 Circulation section92015-03-01623.8/PRO/20012014-08-26General Book Central Library, BUETCentral Library, BUET    2014-08-26623_000000000000000_8PRO2001 
1033432018-08-28Circulation section102018-09-09623.8/PRO/20012017-05-16General Book Central Library, BUETCentral Library, BUET 1  2007-05-07623_800000000000000_PRO_2001